[Event "Ponferrada op"]
[Site "Ponferrada"]
[Date "1992.??.??"]
[Round "?"]
[White "Guerra Bastida, Diego"]
[Black "De la Villa Garcia, Jesus Maria"]
[Result "1-0"]
[WhiteElo "2280"]
[BlackElo "2450"]

1.Nf3 d5 2.g3 c6 3.Bg2 Bg4 4.Ne5 Bh5 5.d4 f6 6.Nd3 Nd7 7.Nf4 Bf7 8.e4 e5
9.Ne2 dxe4 10.Bxe4 exd4 11.Nxd4 Nc5 12.Bf3 Qa5+ 13.Bd2 Qa6 14.Ne2 h5 15.O-O h4
16.Nd4 hxg3 17.hxg3 O-O-O 18.Bg4+ Kc7 19.Bf4+ Bd6 20.Qc1 Qc4 21.Rd1 g5 22.Bxd6+ Rxd6
23.Na3 Bd5 24.f3 Qb4 25.c4 Ne6 26.Nab5+ Kb8 27.cxd5 Nxd4 28.Nxd4 Rxd5 29.Nxc6+ bxc6
30.Rxd5 Ne7 31.Rd3 Ka8 32.Rb3 Qd6 33.f4 Nd5 34.Qc4 gxf4 35.Rc1 Ne7 36.Bf3  1-0

[Event "Ponferrada op"]
[Site "Ponferrada"]
[Date "1992.??.??"]
[Round "?"]
[White "Frois, Antonio"]
[Black "Rodriguez Vargas, Orestes"]
[Result "1/2-1/2"]
[WhiteElo "2380"]
[BlackElo "2455"]

1.Nf3 d5 2.g3 c6 3.Bg2 Bg4 4.O-O Nd7 5.d3 Ngf6 6.Nbd2 e5 7.h3 Bh5 8.e4 Bd6
9.Qe1 O-O 10.Nh4 Re8 11.Nf5 Bf8 12.Nf3 Nc5 13.N3h4 dxe4 14.dxe4 Qc7 15.Bg5 Nfd7
16.g4 Bg6 17.Qe2 Ne6 18.Bc1 Nf4 19.Bxf4 exf4 20.Rad1 Rad8 21.Rfe1 Ne5 22.Nxg6 hxg6
23.Nd4 Rd7 24.Nf3 Red8 25.Rxd7 Rxd7 26.Rd1  1/2-1/2

[Event "Pontevedra1"]
[Site "Pontevedra"]
[Date "1992.??.??"]
[Round "2"]
[White "Miguel, Victor"]
[Black "Outerelo, Manuel"]
[Result "1/2-1/2"]
[WhiteElo "2280"]
[BlackElo "2255"]

1.Nf3 d5 2.g3 c5 3.Bg2 Nc6 4.d4 e6 5.O-O Nf6 6.c4 Be7 7.cxd5 exd5 8.Nc3 O-O
9.b3 Ne4 10.Bb2 Bf6 11.Na4 Re8 12.Rc1 b6 13.dxc5 Bxb2 14.Nxb2 bxc5 15.Nd2 Qf6
16.Na4 Ba6 17.Nxe4 dxe4 18.Qd2 Rad8 19.Qe3 Nd4 20.Rfe1 c4 21.bxc4 Qc6 22.Nc3 Bxc4
23.Bxe4 Qa6 24.Rcd1 Nxe2+ 25.Nxe2 Rxd1 26.Rxd1 Bxe2 27.Rd7 Qc8 28.Qd2  1/2-1/2

[Event "POR-ch"]
[Site "?"]
[Date "1992.??.??"]
[Round "4"]
[White "Fernandes, Antonio"]
[Black "Damaso, Rui"]
[Result "0-1"]
[WhiteElo "2440"]
[BlackElo "2450"]

1.Nf3 d5 2.g3 g6 3.Bg2 Bg7 4.O-O Nf6 5.d3 O-O 6.c3 a5 7.Qa4 c6 8.Qh4 a4 9.Na3 Nbd7
10.Bh6 Re8 11.Rad1 e5 12.h3 Nf8 13.Kh2 Ng4+ 14.hxg4 Qxh4+ 15.Nxh4 Bxh6 16.Bh3 Ne6
17.f3 Bf8 18.Nc2 Bd6 19.e3 Kg7 20.f4 exf4 21.Nf3 fxg3+ 22.Kg2 h6 23.c4 Ng5
24.Nxg5 hxg5 25.cxd5 cxd5 26.Rd2 Bd7 27.Kg1 d4 28.exd4 Bf4 29.Rg2 Rh8  0-1

[Event "Prague DDM-C"]
[Site "Prague"]
[Date "1992.??.??"]
[Round "1"]
[White "Sandmeier, Toni"]
[Black "Trichkov, Vasil"]
[Result "1-0"]
[WhiteElo "2250"]
[BlackElo "2380"]

1.Nf3 d5 2.g3 Nf6 3.Bg2 c6 4.O-O Bf5 5.d3 h6 6.Nbd2 Nbd7 7.Qe1 e5 8.e4 dxe4
9.dxe4 Be6 10.Nh4 Bc5 11.Nf5 O-O 12.Qe2 Bxf5 13.exf5 Re8 14.Nc4 e4 15.Be3 Qe7
16.Rad1 Nd5 17.Na5 Nxe3 18.fxe3 Nf6 19.c4 h5 20.h3 Qe5 21.Nxb7 Bf8 22.c5 Rab8
23.Nd6 Rxb2 24.Qe1 Bxd6 25.cxd6 Rd8 26.d7 Rxd7 27.Rxd7 Nxd7 28.g4 Rxa2 29.g5 Qb2
30.Qg3 h4 31.Qg4 Nc5 32.g6 f6 33.Rd1 Qf2+ 34.Kh1 Kf8 35.Rg1 Ke7 36.Qh5 Kd6
37.Qh8 Qxf5 38.Qf8+ Kd5 39.Rd1+ Nd3 40.Rxd3+ Kc4  1-0

[Event "CSR-ch"]
[Site "Prague"]
[Date "1992.??.??"]
[Round "4"]
[White "Gross, Stefan"]
[Black "Velicka, Petr"]
[Result "1/2-1/2"]
[WhiteElo "2385"]
[BlackElo "2410"]

1.Nf3 d5 2.g3 Nf6 3.Bg2 Bg4 4.c4 c6 5.Qb3 Qb6 6.d3 e6 7.Be3 Qxb3 8.axb3 a6
9.Nc3 Nbd7 10.d4 Bd6 11.c5 Bc7 12.Bf4 Bxf3 13.Bxf3 e5 14.dxe5 Bxe5 15.Na4 Bxf4
16.gxf4 O-O 17.O-O Rfe8 18.Rfd1  1/2-1/2

[Event "Bohemians-B"]
[Site "Prague"]
[Date "1992.??.??"]
[Round "5"]
[White "Konopka, Michal"]
[Black "Trichkov, Vasil"]
[Result "0-1"]
[WhiteElo "2380"]
[BlackElo "2315"]

1.Nf3 d5 2.g3 Nf6 3.Bg2 c6 4.O-O Bf5 5.c4 dxc4 6.Na3 b5 7.b3 cxb3 8.axb3 e6
9.d3 Bc5 10.Nh4 Qb6 11.Nxf5 exf5 12.Bb2 Nbd7 13.Qc1 Rc8 14.Qg5 O-O 15.Qxf5 Bd4
16.Bxd4 Qxd4 17.Nc2 Qb6 18.Ne3 Rfe8 19.Rfc1 a5 20.Rc2 Rc7 21.Rac1 c5 22.d4 g6
23.Qg5 Rec8 24.Nf5 Qe6 25.Nh6+ Kg7 26.d5 Qe5 27.Qxe5 Nxe5 28.d6 Ra7 29.Rxc5 Rxc5
30.Rxc5 Ned7 31.Rc7 Rxc7 32.dxc7 Nb6 33.Bh3 a4 34.bxa4 bxa4 35.Nf5+ gxf5
36.Bxf5 a3 37.Bb1 Nfd5 38.Ba2 Nc3 39.Bb3 a2 40.Bxa2 Nxa2 41.e4 Nc3 42.f3 Nb5
43.Kf2 Nxc7 44.f4 Kf6 45.g4 Nc4 46.Kf3 Ne6 47.h4 h6 48.Kg3 Nd4 49.g5+ Kg6
50.gxh6 Kxh6 51.Kg4 Ne3+  0-1

[Event "Prague DDM-B"]
[Site "Prague"]
[Date "1992.??.??"]
[Round "6"]
[White "Freisler, Pavel"]
[Black "Meister, Yakov"]
[Result "0-1"]
[WhiteElo "2415"]
[BlackElo "2460"]

1.Nf3 d5 2.g3 Nf6 3.Bg2 Bf5 4.c4 e6 5.O-O c6 6.b3 h6 7.Bb2 Be7 8.d3 O-O 9.Nbd2 Bh7
10.a3 a5 11.Qc2 c5 12.cxd5 exd5 13.Ne5 Nbd7 14.Ndf3 Rc8 15.Qd2 Re8 16.Bh3 Nxe5
17.Nxe5 Ra8 18.Rfe1 Bd6 19.Ng4 Nxg4 20.Bxg4 d4 21.Qc2 b6 22.Qc4 Ra7 23.Bc1 Bg6
24.Bd2 Kh7 25.b4 f5 26.Bf3 Bf7 27.Qc2 a4 28.bxc5 Bxc5 29.Qb2 Bb3 30.Bc6 Re6
31.Bf3 Qe7 32.Bf4 g5 33.Bc1 g4 34.Bg2 h5 35.Qd2 Qf6 36.Bb2 Rae7 37.Bc1 h4
38.gxh4 Qxh4 39.Qf4 Kg6 40.Bd2 Bd6 41.Qxd4 Bxh2+ 42.Kf1 Be5 43.Qd8 Bxa1 44.Rxa1 Rxe2
45.Be3 Rxf2+ 46.Bxf2 Re1+ 47.Kxe1 Qxd8 48.Kd2 Bd5 49.Bxd5 Qxd5  0-1

[Event "Prague DDM"]
[Site "Prague"]
[Date "1992.??.??"]
[Round "7"]
[White "Stratil, Ladislav Jr"]
[Black "Mozny, Milos"]
[Result "1/2-1/2"]
[WhiteElo "2370"]
[BlackElo "2425"]

1.Nf3 d5 2.g3 Nf6 3.Bg2 e6 4.O-O Be7 5.d3 O-O 6.Nbd2 Nc6 7.c4 e5 8.cxd5 Nxd5
9.Nc4 f6 10.a3 Be6 11.Qc2 Qd7 12.Ne3  1/2-1/2

[Event "CSR-ch"]
[Site "Prague"]
[Date "1992.??.??"]
[Round "10"]
[White "Freisler, Pavel"]
[Black "Velicka, Petr"]
[Result "1/2-1/2"]
[WhiteElo "2400"]
[BlackElo "2410"]

1.Nf3 d5 2.g3 Nf6 3.Bg2 Bg4 4.c4 c6 5.cxd5 Bxf3 6.Bxf3 cxd5 7.Nc3 e6 8.O-O Nc6
9.d4 Be7 10.b3 O-O 11.Bb2 Rc8 12.e3 a6 13.Rc1 b5 14.Be2 Qb6 15.Bd3 Rfd8 16.Qe2 g6
17.Rfd1 Rc7 18.Bb1 Bf8 19.Qf3 Be7 20.Ne2 b4 21.Nf4 Na7 22.Rxc7 Qxc7 23.e4 Nb5
24.exd5 Nxd5 25.Nxd5 Rxd5 26.Be4 Rd8 27.d5 Nc3 28.Bxc3 bxc3 29.dxe6 Rxd1+
30.Qxd1 fxe6 31.Bd3 Qd6 32.Qe2 Kf7 33.h4 Bf6 34.h5 Qe5 35.hxg6+ hxg6 36.Qg4 g5
37.Qh5+ Kf8 38.Qf3 a5 39.Qa8+ Kf7 40.Qb7+ Be7 41.Qf3+ Kg7 42.Qb7 Kf7 43.Qf3+ Kg7
44.Qh5 Bc5 45.Qf3  1/2-1/2

[Event "CRO-Cup"]
[Site "Pula"]
[Date "1992.??.??"]
[Round "1"]
[White "Vukovic, Zeljka"]
[Black "Misanovic, Vesna"]
[Result "0-1"]
[WhiteElo "2065"]
[BlackElo "2320"]

1.Nf3 d5 2.g3 c5 3.Bg2 Nf6 4.d3 Nc6 5.Nbd2 e6 6.c3 Be7 7.O-O b6 8.e4 Ba6
9.Qa4 Qc8 10.c4 O-O 11.exd5 exd5 12.Re1 Re8 13.Nf1 Nb4 14.Qb3 Qf5 15.Rd1 Rad8
16.Ne3 Qh5 17.a3 Nc6 18.Qc2 dxc4 19.dxc4 Nd4 20.Nxd4 cxd4 21.Nd5 Bxc4 22.Nf4 Qb5
23.b4 Bd6 24.Rxd4 Re1+  0-1

[Event "Ramat Hasharon"]
[Site "Ramat Hasharon"]
[Date "1992.??.??"]
[Round "10"]
[White "Shrentzel, Mordechai"]
[Black "Zilberman, Yaacov"]
[Result "0-1"]
[WhiteElo "2290"]
[BlackElo "2490"]

1.Nf3 d5 2.g3 c6 3.Bg2 Bg4 4.c4 e6 5.b3 Nd7 6.Bb2 Ngf6 7.O-O Be7 8.d3 O-O
9.Nbd2 a5 10.a3 Qb8 11.Qc2 Rd8 12.Rfe1 e5 13.e4 d4 14.h3 Bh5 15.Nh4 Nc5 16.Nf5 Bf8
17.g4 Bg6 18.f4 exf4 19.Nxd4 Nxd3 20.Qxd3 c5 21.Qf3 cxd4 22.e5 Nd7 23.Qxb7 Qxb7
24.Bxb7 Rab8 25.Bd5 Nb6 26.Bc6 Bc5 27.Bb5 Nd5 28.cxd5 Rxb5 29.d6 Bc2 30.Nf3 d3+
31.Kg2 Bxb3 32.Bc3 a4 33.Re4 Be3 34.Rb4 Rc5 35.Bd4 Rc2+ 36.Kh1 Bd5 37.Rf1 d2  0-1

[Event "Reggio Emilia9293"]
[Site "Reggio Emilia"]
[Date "1992.??.??"]
[Round "8"]
[White "Belotti, Bruno"]
[Black "Arlandi, Ennio"]
[Result "1/2-1/2"]
[WhiteElo "2405"]
[BlackElo "2435"]

1.Nf3 d5 2.g3 Nf6 3.Bg2 e6 4.O-O Be7 5.c4 O-O 6.b3 b6 7.Bb2 Bb7 8.cxd5 exd5
9.d4 Nbd7 10.Nc3 Ne4 11.Qc2 Nxc3 12.Qxc3 Bf6 13.Qc2 Re8 14.Rfd1 a5 15.Rac1 Rc8
16.e3 c5 17.dxc5 Nxc5 18.Bxf6 Qxf6 19.Qc3 Qxc3 20.Rxc3 Ne4 21.Rxc8 Rxc8 22.Nd4 Kf8
23.Bf1 g6 24.f3 Nc3 25.Ra1 a4 26.bxa4 Nxa4 27.Rb1 Rc3 28.Rb3 Rxb3 29.axb3 Nc5
30.Kf2 Ne6 31.Ke1 Nxd4 32.exd4 g5 33.Kd2 Ke7 34.Kc3 Kd6 35.Kb4 Bc8 36.Bd3 h6
37.Kb5 Kc7 38.f4 f6 39.h4 gxh4 40.gxh4 Bg4 41.Ka6  1/2-1/2

[Event "EU-ch U16"]
[Site "Rimavska Sobota"]
[Date "1992.??.??"]
[Round "?"]
[White "Ruck, Robert"]
[Black "Zvjaginsev, Vadim"]
[Result "1/2-1/2"]
[WhiteElo "2325"]
[BlackElo "2415"]

1.g3 d5 2.Nf3 g6 3.Bg2 Bg7 4.d4 Nc6 5.c4 e6 6.O-O Nge7 7.Nc3 O-O 8.cxd5 exd5
9.Bf4 Be6 10.Rc1 Rc8 11.Qb3 b6 12.Rfd1 h6 13.h4 f6 14.e4 Na5 15.Qb5 dxe4
16.Nxe4 Bd5 17.Nc3 c6 18.Qa4 Bf7 19.Nd2 g5 20.hxg5 hxg5 21.Be3 Rc7 22.b4 Nc4
23.Nxc4 Bxc4 24.b5 cxb5 25.Nxb5 Bxb5 26.Qxb5 Bh6 27.Rxc7 Qxc7 28.Rc1 Qd6
29.Qc4+ Kg7 30.Qc7 Qxc7 31.Rxc7 Rf7 32.g4 Ng6 33.Rc8 Rf8 34.Rc7+ Rf7 35.Rc8 Rf8
36.Rc4 Nf4 37.Be4 Kg8 38.Rc7 Re8 39.Bc6 Rd8 40.Rxa7 Ne2+ 41.Kg2 Nxd4 42.Be4 Bf8
43.Bh7+ Kh8 44.Rf7 Bc5 45.Be4 Rd6  1/2-1/2

[Event "ROM-chT"]
[Site "?"]
[Date "1992.??.??"]
[Round "?"]
[White "Popescu, Daniel Dorin"]
[Black "Ignatescu, Radu"]
[Result "1-0"]
[WhiteElo "2250"]
[BlackElo "2260"]

1.Nf3 d5 2.g3 Nf6 3.Bg2 Bg4 4.O-O Nbd7 5.c4 c6 6.cxd5 cxd5 7.d4 e6 8.Nc3 Bb4
9.Qb3 Bxc3 10.bxc3 Nb6 11.Ba3 Bxf3 12.Bxf3 Nc4 13.Rfd1 Rc8 14.e4 Nxe4 15.Bxe4 dxe4
16.Bc5 Nd6 17.Qa3 Rc6 18.d5 Ra6 19.Qb4 e5 20.c4 h5 21.Bxd6 Rxd6 22.Qxb7 Rb6
23.Qxa7 e3 24.Qa4+ Kf8 25.Qa3+ Kg8 26.Qxe3 h4 27.Rab1 Rg6 28.Qxe5  1-0

[Event "ROM-chT"]
[Site "?"]
[Date "1992.??.??"]
[Round "?"]
[White "Ungureanu, Emil"]
[Black "Manole, Vasile"]
[Result "1/2-1/2"]
[WhiteElo "2340"]
[BlackElo "2300"]

1.Nf3 d5 2.g3 Nf6 3.Bg2 Bf5 4.c4 c6 5.Qb3 Qb6 6.d3 Nbd7 7.Qxb6 axb6 8.cxd5 Nxd5
9.O-O Nb4 10.Nc3 Nc2 11.Rb1 e5 12.a3 b5 13.Bd2 Be7 14.Na2 Be6 15.Nc1 f6 16.Ne1 Nxe1
17.Rxe1 O-O 18.f4 Rfd8 19.Bc3 Ra4 20.fxe5 fxe5 21.Bf3 Rf8 22.Kg2 Bg5 23.e3 Bh3+
24.Kxh3 Rxf3 25.Bd2 e4 26.Kg2 Ne5 27.dxe4 Rxe4 28.Nd3 Nc4 29.Bc1 Rf7 30.h4 Be7
31.Re2 Bd6 32.Nf2 Re8 33.e4 Ref8 34.Nh3 Rf1 35.b3 Nxa3 36.Bxa3 Rxb1 37.Bxd6 Rd8
38.e5 Rxb3 39.e6 Re8 40.Nf4 Rb1 41.Rd2 Re1 42.Bc5 Re5 43.Bb6 c5 44.Rd7 b4
45.Rxb7 b3 46.Ba5 c4 47.Bc3 R8xe6 48.Nxe6 Rxe6 49.Rxg7+ Kf8 50.Rc7 Re2+ 51.Kh3 Rc2
52.Rxc4 b2 53.Rf4+ Kg8 54.Rg4+ Kf8 55.Bg7+ Kf7 56.Bxb2  1/2-1/2

[Event "Roquebrune rapid"]
[Site "Roquebrune"]
[Date "1992.??.??"]
[Round "11"]
[White "Seirawan, Yasser"]
[Black "Ljubojevic, Ljubomir"]
[Result "0-1"]
[WhiteElo "2600"]
[BlackElo "2610"]

1.Nf3 d5 2.g3 c5 3.Bg2 g6 4.O-O Bg7 5.d4 cxd4 6.Nxd4 Nf6 7.Nb3 Nc6 8.Nc3 e6
9.e4 d4 10.Ne2 e5 11.f4 Qb6 12.Kh1 Ng4 13.h3 h5 14.hxg4 hxg4+ 15.Kg1 d3+
16.Rf2 dxe2 17.Qxe2 exf4 18.Bxf4 Nd4 19.Qd2 Nxb3 20.axb3 Bd4 21.c3 Bxf2+
22.Qxf2 Qxf2+ 23.Kxf2 Bd7 24.c4 a6 25.b4 Rc8 26.b3 Rh5 27.Bd6 Bc6 28.Re1 Rd8
29.c5 Kd7 30.Bf1 Rh2+ 31.Ke3 Bxe4 32.Bc4 f5 33.Kf4 Rh5 34.Bf7 g5+ 35.Ke5 Rh6
36.Rd1 Kc6 37.Rd4 Kb5 38.Bc4+ Kxb4 39.Bxa6+ Kc3 40.Bb5 Kxb3 41.Rd2 Kc3 42.Rd1 Kb4
43.Be2 Re8+ 44.Kd4 Bc2 45.Rd2 Re4+  0-1

[Event "Roses"]
[Site "Roses"]
[Date "1992.??.??"]
[Round "9"]
[White "Ubilava, Elizbar"]
[Black "Ivanov, Al"]
[Result "1-0"]
[WhiteElo "2560"]
[BlackElo "2360"]

1.Nf3 d5 2.g3 c6 3.Bg2 Bg4 4.c4 e6 5.O-O Nf6 6.d3 Be7 7.Nbd2 Nbd7 8.b3 O-O
9.Bb2 a5 10.a3 Bd6 11.h3 Bxf3 12.Nxf3 Qe7 13.Qc2 Rfd8 14.e3 Rac8 15.Bc3 Ra8
16.Qb2 Nc5 17.Rfd1 dxc4 18.dxc4 Bc7 19.Bd4 Ncd7 20.b4 axb4 21.axb4 e5 22.Bc3 h6
23.Rxa8 Rxa8 24.Ra1 Rxa1+ 25.Qxa1 Qe8 26.Qa7 Qb8 27.Qxb8+ Bxb8 28.Nd2 Nb6
29.b5 cxb5 30.cxb5 Nfd5 31.Ba5 Bc7 32.Nb3 Kf8 33.Nc5 Ke7 34.Nxb7 Kd7 35.Bxd5  1-0

[Event "ARG-chT"]
[Site "Salta"]
[Date "1992.??.??"]
[Round "7"]
[White "Fiorito, Fabian"]
[Black "Fiorucci, Mario"]
[Result "1-0"]
[WhiteElo "2410"]
[BlackElo "2210"]

1.Nf3 d5 2.g3 e6 3.Bg2 f5 4.O-O Nf6 5.c4 c6 6.b3 b5 7.d3 Bc5 8.Bb2 O-O 9.Nbd2 Qb6
10.d4 Be7 11.Qc2 Bd7 12.Rac1 Na6 13.a3 bxc4 14.bxc4 Rab8 15.Rb1 Rfc8 16.c5 Qd8
17.Ne5 Nc7 18.a4 Qf8 19.e3 Be8 20.Bc3 Bd7 21.Nb3 Qe8 22.Na5 Ne4 23.Nb7 Nxc3
24.Qxc3 Nb5 25.axb5 Rxb7 26.bxc6 Bxc6 27.Rxb7 Bxb7 28.Rb1 Bc6 29.Qa5 Bd8
30.Qa6 Bf6 31.Nxc6 Qxc6 32.Qxc6 Rxc6 33.Rb8+ Kf7 34.Rb7+ Ke8 35.Rxa7 Kd8
36.f4 Rc7 37.Ra6 Ke7 38.Rb6 Ra7 39.Bf1 Ra1 40.Rb7+ Kd8 41.Kf2 Ra2+ 42.Kf3 Ra3
43.Kf2 Ra2+ 44.Be2 Kc8 45.Rb6 Kd7 46.Kf3 Ra7 47.Bb5+ Ke7 48.Ba6 Kd7 49.Rd6+ Ke7
50.Bc8 Ra3 51.Rxe6+ Kd8 52.Rxf6 gxf6 53.Bxf5 Ke7 54.Bxh7 Ra8 55.Bf5 Rh8 56.h4 Rh6
57.e4  1-0

[Event "San Bernardino op"]
[Site "San Bernardino"]
[Date "1992.??.??"]
[Round "7"]
[White "Hug, Werner"]
[Black "Keller, Manfred"]
[Result "1-0"]
[WhiteElo "2425"]
[BlackElo "2230"]

1.Nf3 d5 2.g3 c5 3.Bg2 Nc6 4.O-O e5 5.d3 f6 6.a3 Be6 7.Nc3 Qd7 8.Rb1 Nge7
9.Re1 Nc8 10.e4 d4 11.Nd5 Nb6 12.c4 dxc3 13.bxc3 Nxd5 14.exd5 Bxd5 15.d4 O-O-O
16.dxe5 fxe5 17.Qa4 c4 18.Qb5 Kb8 19.Rd1 a6 20.Qxa6 Qc7 21.Nxe5 Bxg2 22.Nxc6+ Bxc6
23.Rxd8+ Qxd8 24.Bf4+ Bd6 25.Qxc6  1-0

[Event "San Bernardino op"]
[Site "San Bernardino"]
[Date "1992.??.??"]
[Round "7"]
[White "Weindl, Alfred"]
[Black "Dutreeuw, Marc"]
[Result "1-0"]
[WhiteElo "2365"]
[BlackElo "2425"]

1.g3 d5 2.Nf3 Nf6 3.Bg2 e6 4.O-O Be7 5.d3 b6 6.Nbd2 Bb7 7.e4 c5 8.Qe2 Nc6
9.Re1 Qc7 10.e5 Nd7 11.h4 h6 12.h5 O-O-O 13.a3 Rdg8 14.c4 d4 15.Ne4 Nf8 16.b4 g6
17.bxc5 bxc5 18.Rb1 Nd7 19.Nd6+ Bxd6 20.exd6 Qd8 21.Bf4 Nb6 22.Ne5 Nxe5 23.Bxb7+ Kxb7
24.Bxe5 f6 25.Qf3+ Ka6 26.Bxf6 Rf8 27.Bxd8 Rxf3 28.Bxb6 axb6 29.Rxe6 gxh5
30.d7 Rd8 31.Rexb6+ Ka7 32.Rb7+ Ka6 33.R1b6+ Ka5 34.Rd6  1-0

[Event "Sao Paulo op"]
[Site "Sao Paulo"]
[Date "1992.??.??"]
[Round "?"]
[White "Zarnicki, Pablo"]
[Black "Milos, Gilberto"]
[Result "0-1"]
[WhiteElo "2385"]
[BlackElo "2515"]

1.Nf3 d5 2.g3 c6 3.Bg2 Bg4 4.O-O Nd7 5.d4 e6 6.b3 Bd6 7.Bb2 Ne7 8.Nbd2 f5
9.c4 O-O 10.Ne5 Bh5 11.Nxd7 Qxd7 12.c5 Bc7 13.f4 Kh8 14.Nf3 Ng8 15.b4 Nf6
16.Ne5 Qe7 17.Bf3 Rg8 18.Bc1 Raf8 19.a4 Be8 20.b5 Ne4 21.bxc6 Bxe5 22.fxe5 Bxc6
23.Be3 g5 24.Bg2 Qe8 25.Ra3 Qg6 26.Bc1 Rf7 27.a5 a6 28.Raf3 h5 29.Qe1 Rh7
30.Kh1 h4 31.gxh4 gxh4 32.Bh3 Ng3+ 33.hxg3 hxg3 34.Kg1 Rxh3 35.Bf4 Qg4  0-1

[Event "Sevilla op"]
[Site "Sevilla"]
[Date "1992.??.??"]
[Round "9"]
[White "Todorcevic, Miodrag"]
[Black "Campora, Daniel H"]
[Result "0-1"]
[WhiteElo "2470"]
[BlackElo "2550"]

1.Nf3 d5 2.g3 Bg4 3.Bg2 Nd7 4.d3 c6 5.Nbd2 Ngf6 6.h3 Bxf3 7.Nxf3 e5 8.O-O Be7
9.c4 dxc4 10.dxc4 O-O 11.Qc2 Re8 12.b3 Qc7 13.Bb2 Bf8 14.Rad1 a5 15.a3 Bc5
16.e3 Bf8 17.h4 Nc5 18.Qf5 Qc8 19.Qxc8 Raxc8 20.b4 axb4 21.axb4 Ncd7 22.g4 e4
23.Nd2 Nxg4 24.Nxe4 Nde5 25.c5 Nc4 26.Bd4 f5 27.Ng3 g6 28.h5 Rc7 29.Bf3 Nce5
30.Be2 Nf6 31.Kg2 Bg7 32.hxg6 hxg6 33.Bxe5 Rxe5 34.Bc4+ Kf8 35.Ne2 Nh5 36.Nd4 Ke7
37.Rh1 Rd7 38.Ba2 Nf6 39.Nf3 Re4 40.Rd4 Rdxd4 41.exd4 Nh5 42.Bb1 Rg4+ 43.Kf1 Rf4
44.Ke2 Bxd4 45.Bxf5 Bxf2 46.Kxf2 Rxf5 47.Ke3 Nf6 48.Nd4 Re5+ 49.Kd3 g5 50.Rf1 Nd5
51.b5 cxb5 52.Nf5+ Kf6 53.Nd6+ Nf4+ 54.Kd4 Rd5+ 55.Ke3 b6 56.Nxb5 bxc5 57.Ke4 Re5+
58.Kf3 Nd5 59.Rc1 Nf4 60.Nd6 Ne6 61.Ne4+ Ke7 62.Nd2 Rd5 63.Nc4 Kf6 64.Ke3 Kf5
65.Nb2 Re5+ 66.Kd2 g4 67.Nd3 Re4 68.Nf2 Rf4 69.Nd3 Rd4 70.Ke3 Re4+ 71.Kf2 c4
72.Nb2 Nf4 73.Nxc4 Re2+ 74.Kf1 g3  0-1

[Event "Candidats (Women) Tournament"]
[Site "Shanghai"]
[Date "1992.??.??"]
[Round "10"]
[White "Ioseliani, Nana"]
[Black "Gaprindashvili, Nona"]
[Result "1-0"]
[WhiteElo "2445"]
[BlackElo "2435"]

1.Nf3 d5 2.g3 e6 3.Bg2 Nf6 4.O-O Be7 5.d3 c5 6.Nbd2 Nc6 7.e4 O-O 8.c3 Qc7
9.Re1 b6 10.Nf1 Rd8 11.e5 Nd7 12.Qe2 a5 13.h4 Ba6 14.N1h2 Nf8 15.h5 a4 16.h6 g6
17.Ng4 b5 18.Ng5 Rd7 19.Qf3 Nd8 20.Nf6+ Kh8 21.Nxf7+ Nxf7 22.Nxd7 Kg8 23.Nf6+ Bxf6
24.Qxf6 Nd8 25.Be3 Nb7 26.b4 c4 27.dxc4 bxc4 28.Bxd5 exd5 29.e6 Nxe6 30.Qxe6+ Qf7
31.Bd4  1-0

[Event "Simferopol (Women)"]
[Site "Simferopol"]
[Date "1992.??.??"]
[Round "30"]
[White "Safranska, Anda"]
[Black "Danielian, Elina"]
[Result "0-1"]
[WhiteElo "2260"]
[BlackElo "2135"]

1.Nf3 d5 2.g3 Nf6 3.Bg2 Bf5 4.d3 e6 5.O-O Be7 6.Nbd2 Nbd7 7.a4 a5 8.b3 h6
9.Bb2 O-O 10.Qe1 Nc5 11.Ne5 Nfd7 12.f4 Nxe5 13.fxe5 Bg5 14.Bd4 Na6 15.Kh1 c5
16.Bg1 Nb4 17.Qd1 d4 18.Nc4 Nd5 19.e4 dxe3 20.Qe1 Nb4 21.Qe2 Qd4 22.Bxe3 Bxe3
23.Nxe3 Qxe5 24.Rae1 Bg6 25.Bxb7 Rad8 26.Qg2 Qc7 27.Bf3 e5 28.g4 Rde8 29.Nf5 Bxf5
30.gxf5 Qd6 31.Be4 Qf6 32.Re3 Kh8 33.Rg3 Rd8 34.Rg1 Rg8 35.Qd2 Nc6 36.Rh3 Rge8
37.Rg2 Rd4 38.Rhg3 Rg8 39.Qf2 c4 40.bxc4 Ne7 41.Qd2 Rb8 42.Rg1 Rbd8 43.Qg2 Rg8
44.Rh3 Nc8 45.c3 Rdd8 46.c5 Ne7 47.Rb1 Rb8 48.Rb5 Rgc8 49.c6 Qd6 50.Qa2 Kg8
51.Qc4 Ra8 52.Rc5 Rab8 53.Rg3 Rb1+ 54.Rg1 Rxg1+ 55.Kxg1 Qf6 56.Bg2 Nxf5 57.Qb3 Rc7
58.Rxa5 g6 59.Ra8+ Kg7 60.Qb4 Ne7 61.Qb6 Qd6 62.Qb8 Nc8 63.Qb5 Qf6 64.Ra5 Re7
65.Qb2 Qf4 66.Qb1 Qe3+ 67.Kh1 h5 68.Rb5 h4 69.Rb7 h3 70.Bd5 e4 71.Qf1 exd3
72.Rb1 d2 73.Rd1 Nb6 74.Bf3 Nxa4 75.Qxh3 Nxc3 76.Rf1 d1=Q  0-1

[Event "Simferopol (Women)"]
[Site "Simferopol"]
[Date "1992.??.??"]
[Round "46"]
[White "Litinskaya, Marta I"]
[Black "Rause, Olita"]
[Result "1-0"]
[WhiteElo "2370"]
[BlackElo "2230"]

1.Nf3 d5 2.g3 Bg4 3.Bg2 Nd7 4.h3 Bh5 5.c4 dxc4 6.Qa4 c6 7.Qxc4 Bxf3 8.Bxf3 Ne5
9.Qb3 Nxf3+ 10.Qxf3 Qd5 11.Qxd5 cxd5 12.Nc3 Nf6 13.d3 e6 14.Be3 a6 15.O-O Bd6
16.Rac1 Nd7 17.Rc2 Rc8 18.Rfc1 O-O 19.Na4 Rxc2 20.Rxc2 f6 21.Kf1 Kf7 22.Ke1 e5
23.Nb6 Nxb6 24.Bxb6 f5 25.e4 Ke6 26.exd5+ Kxd5 27.Ke2 g6 28.b3 Re8 29.f3 Re7
30.a4 Rd7 31.Rc8 Re7 32.Rc4 Rd7 33.g4 Rf7 34.Rc8 e4 35.fxe4+ fxe4 36.dxe4+ Kxe4
37.Rd8 Bc7 38.Re8+ Kf4 39.Re3 Bxb6 40.Rf3+  1-0

[Event "Sitges op"]
[Site "Sitges"]
[Date "1992.??.??"]
[Round "7"]
[White "Spassov, Liuben"]
[Black "Semkov, Semko"]
[Result "1-0"]
[WhiteElo "2405"]
[BlackElo "2480"]

1.Nf3 d5 2.g3 Nc6 3.d4 Bg4 4.Bg2 Qd7 5.c4 e6 6.O-O O-O-O 7.Be3 Nge7 8.Nbd2 f6
9.b4 Nxb4 10.Rb1 Na6 11.Qb3 c6 12.Qa4 Nf5 13.Bf4 g5 14.Qxa6 gxf4 15.Qxa7 Qc7
16.cxd5 exd5 17.Rfc1 fxg3 18.hxg3 Bh6 19.Rb2 Rde8 20.Nh2 Bxe2 21.Bh3 Bd3
22.Rc3 Be3 23.Ndf1 Rhg8 24.Bxf5+ Bxf5 25.Rxe3 Rxe3 26.Nxe3 Be4 27.Qa8+ Qb8
28.Qxb8+ Kxb8 29.Nhf1  1-0

[Event "SLO-ch"]
[Site "?"]
[Date "1992.??.??"]
[Round "?"]
[White "Orel, Oskar"]
[Black "Cepon, Dusan"]
[Result "1-0"]
[WhiteElo "2320"]
[BlackElo "2305"]

1.Nf3 d5 2.g3 c5 3.Bg2 Nc6 4.O-O Nf6 5.d3 e5 6.Nbd2 Be7 7.e4 d4 8.h3 Rb8
9.Nc4 Qc7 10.Ncxe5 Nxe5 11.Nxe5 O-O 12.Nc4 Qd8 13.Bf4 Ra8 14.a4 Be6 15.b3 Qd7
16.Kh2 h6 17.Bd2 Nh7 18.f4 f5 19.Qf3 Rab8 20.Rae1 Bxc4 21.dxc4 fxe4 22.Qxe4 Bf6
23.Qd5+ Qxd5 24.Bxd5+ Kh8 25.h4 b6 26.Be4 Bd8 27.Kh3 Nf6 28.Bd3 Ng8 29.Re6 Rf6
30.Re8 Bc7 31.Rfe1 Rf8 32.Bg6 Rbxe8 33.Rxe8 Rxe8 34.Bxe8 Ne7 35.Kg4 Kg8 36.h5 Kf8
37.Bg6 Nc6 38.Be4 Nb4 39.Kf5 Ke7 40.Kg6 Kf8 41.g4 Na2 42.g5 hxg5 43.fxg5 Nc3
44.Bf3 Nb1 45.Bc1 Kg8 46.Bd5+ Kh8 47.h6 gxh6 48.gxh6 Nc3 49.Bg5 Be5 50.Be7 Ne2
51.Bf3 d3 52.cxd3 Nf4+ 53.Kf5  1-0

[Event "SLO-ch"]
[Site "?"]
[Date "1992.??.??"]
[Round "?"]
[White "Mohr, Georg"]
[Black "Jelen, Igor"]
[Result "1/2-1/2"]
[WhiteElo "2415"]
[BlackElo "2355"]

1.Nf3 d5 2.g3 b6 3.Bg2 Bb7 4.O-O Nf6 5.c4 dxc4 6.Na3 e6 7.Nxc4 c5 8.d4 cxd4
9.Qxd4 Bc5 10.Qxd8+ Kxd8 11.Nce5 Rf8 12.Bf4 Ke7 13.Rfd1 Nd5 14.Ne1  1/2-1/2

[Event "SLO-ch"]
[Site "?"]
[Date "1992.??.??"]
[Round "?"]
[White "Mikac, Matjaz"]
[Black "Jelen, Igor"]
[Result "1/2-1/2"]
[WhiteElo "2425"]
[BlackElo "2355"]

1.g3 d5 2.Nf3 b6 3.c4 dxc4 4.Qa4+ Nd7 5.Bg2 Bb7 6.Qxc4 e6 7.d4 Ngf6 8.Nc3 c5
9.O-O a6 10.dxc5 Bxc5 11.Bf4 O-O 12.Rad1  1/2-1/2

[Event "SLO-ch"]
[Site "?"]
[Date "1992.??.??"]
[Round "?"]
[White "Barle, Janez"]
[Black "Sifrer, Darko"]
[Result "0-1"]
[WhiteElo "2455"]
[BlackElo "2355"]

1.Nf3 d5 2.g3 Nf6 3.Bg2 e6 4.O-O Be7 5.d3 O-O 6.Nbd2 Nc6 7.e4 dxe4 8.dxe4 e5
9.c3 a5 10.a4 Bc5 11.Qc2 Qe7 12.Nc4 b6 13.Ne3 Bxe3 14.Bxe3 Ba6 15.Rfd1 Rfd8
16.h3 Rxd1+ 17.Rxd1 Rd8 18.Bg5 h6 19.Be3 Bc4 20.b3 Ba6 21.Nh4 Rxd1+ 22.Qxd1 Qd7
23.Qc1 Be2 24.Bxh6 Qd1+ 25.Kh2 Qxc1 26.Bxc1 Bd1 27.b4 axb4 28.cxb4 Nxb4 29.f4 Nd3
30.fxe5 Nxc1 31.exf6 gxf6 32.Nf5 Bxa4 33.Ne7+ Kg7 34.Nd5 b5 35.Nc3 c5 36.Bf1 c4
37.Kg1 b4 38.Nxa4 c3 39.Nc5 b3 40.Na4 c2  0-1

[Event "SLO-ch"]
[Site "?"]
[Date "1992.??.??"]
[Round "?"]
[White "Barle, Janez"]
[Black "Cepon, Dusan"]
[Result "1-0"]
[WhiteElo "2455"]
[BlackElo "2305"]

1.Nf3 d5 2.g3 c5 3.Bg2 Nc6 4.d4 cxd4 5.Nxd4 e5 6.Nxc6 bxc6 7.O-O Nf6 8.c4 Be7
9.Nc3 d4 10.Bxc6+ Bd7 11.Bxa8 Qxa8 12.Nd5 Nxd5 13.cxd5 Qxd5 14.Qb3 Qa8 15.Bd2 O-O
16.Rfe1 Rb8 17.Qc2 Qd5 18.f3 f5 19.Rac1 Bd6 20.b3 Qf7 21.Qc4 Be6 22.Qc6 Rb6
23.Qa4 h5 24.Ba5 Bd7 25.Qc4 Be6 26.Qd3 h4 27.Bxb6 hxg3 28.Bd8 Qg6 29.h4 g2
30.Bg5 Be7 31.Bxe7 Qg3 32.f4 Qxf4 33.Bg5 Qg4 34.Qf3  1-0